The climates of the continents /

Bibliographic Details
Main Author: Kendrew, W. G. (Wilfrid George)
Format: Book
Language:English
Published: Oxford : The Clarendon Press, 1927.
Edition:2d ed.
Subjects:

MARC

Tag First Indicator Second Indicator Subfields
LEADER 00000cam a2200000 4500
001 in00000045872
005 20151007075327.0
008 760813s1927 enkab b 00010 eng d
035 |a (OCoLC)02371233 
035 |9 AAF3021AM 
040 |a HDC  |c HDC  |d TXA  |d UtOrBLW 
049 |a TXAM  |c [29215] 
090 |a QC981  |b .K34c 
092 |a 551.5  |b K33c2 
100 1 |a Kendrew, W. G.  |q (Wilfrid George) 
245 1 4 |a The climates of the continents /  |c by W. G. Kendrew, M. A. 
250 |a 2d ed. 
264 1 |a Oxford :  |b The Clarendon Press,  |c 1927. 
300 |a 400 pages :  |b illustrations (map) diagrams 
336 |a text  |b txt  |2 rdacontent 
337 |a unmediated  |b n  |2 rdamedia 
338 |a volume  |b nc  |2 rdacarrier 
504 |a "List of works": pages [ix]-x. 
650 0 |a Climatology. 
999 |a MARS 
999 f f |s 16a5ca52-0eb2-351b-85d6-133aa3865b75  |i bd2ea1d6-4a2c-32d4-9c55-8baf6e928818  |t 0 
952 f f |p ric  |a Texas A&M University  |b Rellis Campus  |c Joint Library Facility  |d Remote Storage  |t 0  |e QC981 .K34c  |h Library of Congress classification  |i unmediated -- volume  |m A14800953608 
998 f f |a QC981 .K34c  |t 0  |l Remote Storage